000 00561nam a2200169 i 4500
001 52136
003 ES-MaACL
005 20230906162529.0
007 t|
008 030826s1973 sp ||||1| spa d
100 1 _aChristensen, C. Roland.
_938648
245 1 3 _aLa sucesión en la dirección de pequeñas empresas /
_cC. Roland Christensen ; [traducción de Juan Antonio Matías Oyagüe].
260 _a[Barcelona] :
_bLabor,
_c[1973]
300 _a199 p. ;
_c23 cm.
700 1 _aOyagüe, Juan Antonio Matías.
_988045
852 _aES-MaACL
_jC-53872
_bR.86660
999 _c52136
_d52136